| 000 | 00880nam a22002057a 4500 | ||
|---|---|---|---|
| 999 |
_c10537 _d10537 |
||
| 003 | AR-CdUCM | ||
| 008 | 190401b ||||| |||| 00| 0 spa d | ||
| 040 |
_aMUNICIPALIDAD PROVINCIAL DEL CUSCO _cBIBLIOTECA MUNICIPAL DEL CUSCO |
||
| 082 |
_a343.83 / _bG25 / 1910 |
||
| 100 |
_aGarate de la Fuente, Pedro M. _927468 |
||
| 245 |
_aRecopilación de leyes, decretos y resoluciones : _bConcerniente al ramo de aduanas dictadas durante los años 1900 a 1909 / |
||
| 260 |
_aLima : _bPanóptico, _c1910. |
||
| 300 |
_a420 paginas ; _c21 cm. |
||
| 505 | _aContenido : Empleados y pensionistas -- Carbón de piedra en le dársena -- Comisión nombrada para el estudio del proyecto de arancel -- incidentes de revisión en le despacho de mercaderias ... | ||
| 650 |
_aLeyes _94808 |
||
| 650 |
_aDecretos _97384 |
||
| 650 |
_aResoluciones _924653 |
||
| 942 |
_2ddc _cLIBROS |
||
| 945 | _arah | ||